| 000 | 00780 a2200241 4500 | ||
|---|---|---|---|
| 003 | Nust | ||
| 005 | 20221212133613.0 | ||
| 010 | _a 94033840 | ||
| 020 | _a0471951269 (pbk.) | ||
| 020 | _a0471955426 | ||
| 040 | _cNust | ||
| 082 | 0 | 0 | _a621.38203,HEL |
| 100 | 1 |
_aHeld, Gilbert, _936816 |
|
| 245 | 1 | 0 |
_aDictionary of communications technology _bterms, definitions, and abbreviations / _cGilbert Held. |
| 246 | 3 | 0 | _aCommunications technology |
| 250 | _a2nd ed. | ||
| 260 |
_aChichester ; _aNew York : _bJ. Wiley, _cc1995. |
||
| 300 |
_aviii, 501 p. : _bill. ; _c26 cm. |
||
| 538 | _aAlmirah No 26 Shelf No 1 | ||
| 650 | 0 | _aTelecommunication Engineering | |
| 856 | 4 | 2 |
_3Publisher description _uhttp://www.loc.gov/catdir/enhancements/fy0608/94033840-d.html |
| 942 |
_cREF _2ddc |
||
| 999 |
_c175742 _d175742 |
||